Word Scramble- Planets - Statistics

General Stats
  • This quiz has been taken 102 times
  • The average score is 7 of 8
Answer Stats
Scramble Planet % Correct
Sarm Mars
96%
Tunars Saturn
96%
Thear Earth
93%
Pijteur Jupiter
91%
Rycemur Mercury
84%
Nuves Venus
84%
Tupenen Neptune
74%
Ruausn Uranus
63%
No matching quizzes found
Score Distribution
Percent of People with Each Score
Percentile by Number Answered
Your Score History
You have not taken this quiz